000 00919cad a22002415a 4500
001 L149992
008 100521s2010 xxk f 000 0 eng d
035 _a(Sirsi) u149992
041 0 _aeng
050 0 4 _a333.33 $2 18
110 2 _aUnited Kingdom
_kLaws, etc
_95044
245 0 0 _aHome Information Pack (Suspension) Order 2010
_h[electronic source]
260 _aLondon
_bOPSI
_c2010
490 0 _aSI
_v2010: 1455
520 _aSuspends the content and provision of Home Infomation Packs (HIP)s as required by Housing Act 2004 s155-159.
590 _aKA
650 2 4 _aHOME INFORMATION PACKS (SUSPENSION) ORDER 2010
650 2 4 _aHOUSING ACT 2004
651 4 _aEngland and Wales
_y1543-
690 _aENVIRONMENTAL AND LAND CONSULTANCY-ENERGY-ENERGY USE-ENERGY EFFICIENCY
856 4 8 _uhttps://www.opsi.gov.uk/si/si2010/pdf/uksi_20101455_en.pdf
_zView this item free of charge at www.opsi.gov.uk
942 _n0
999 _c110695
_d110695